000 00348 a2200169 4500
001 171654
020 _a85-16-00641-7
040 _cMagnum
100 _aNicola, José de
240 1 0 _aPedro pica-pau
_lpor
245 1 0 _aPedro pica-pau
300 _a24
362 0 _a1992
440 1 _aModerna
697 _aLITERATURA INFANTIL
942 _cBK
999 _c171654
_d171654